All Pokemon in Gen 4 - Statistics

General Stats
  • This quiz has been taken 7 times
  • The average score is 51 of 107
Answer Stats
N0. Type 1 Type 2 Answer % Correct
390 Fire None Chimchar
100%
395 Water Steel Empoleon
100%
388 Grass None Grotle
100%
392 Fire Fighting Infernape
100%
391 Fire Fighting Monferno
100%
393 Water None Piplup
100%
389 Grass Ground Torterra
100%
387 Grass None Turtwig
100%
482 Psychic None Azelf
83%
491 Dark None Darkrai
83%
466 Electric None Electivire
83%
467 Fire None Magmortar
83%
481 Psychic None Mesprit
83%
484 Water Dragon Palkia
83%
394 Water None Prinplup
83%
468 Fairy Flying Togekiss
83%
480 Psychic None Uxie
83%
460 Grass Ice Abomasnow
67%
399 Normal None Bidoof
67%
415 Bug Flying Combee
67%
483 Steel Dragon Dialga
67%
478 Ice Ghost Froslass
67%
444 Dragon Ground Gabite
67%
445 Dragon Ground Garchomp
67%
443 Dragon Ground Gible
67%
470 Grass None Leafeon
67%
459 Grass Ice Snover
67%
424 Normal None Ambipom
50%
493 Normal None Arceus
50%
400 Normal Water Bibarel
50%
418 Water None Buizel
50%
427 Normal None Buneary
50%
453 Poison Fighting Croagunk
50%
426 Ghost Flying Drifblim
50%
425 Ghost Flying Drifloon
50%
477 Ghost None Dusknoir
50%
419 Water None Floatzel
50%
475 Psychic Fighting Gallade
50%
487 Ghost Dragon Giratina
50%
471 Ice None Glaceon
50%
472 Ground Flying Gliscor
50%
485 Fire Steel Heatran
50%
430 Dark Flying Honchkrow
50%
448 Fighting Steel Lucario
50%
473 Ice Ground Mamoswine
50%
446 Normal None Munchlax
50%
417 Electric None Pachirisu
50%
486 Normal None Regigigas
50%
464 Ground Rock Rhyperior
50%
447 Fighting None Riolu
50%
479 Electric Ghost Rotom
50%
492 Grass None Shaymin
50%
398 Normal Flying Staraptor
50%
397 Normal Flying Staravia
50%
396 Normal Flying Starly
50%
454 Poison Fighting Toxicroak
50%
416 Bug Flying Vespiquen
50%
461 Dark Ice Weavile
50%
469 Bug Flying Yanmega
50%
437 Steel Psychic Bronzong
33%
436 Steel Psychic Bronzor
33%
412 Bug None Burmy
33%
455 Grass None Carnivine
33%
420 Grass None Cherubi
33%
408 Rock None Cranidos
33%
488 Psychic None Cresselia
33%
452 Poison Dark Drapion
33%
423 Water Ground Gastrodon
33%
440 Normal None Happiny
33%
449 Ground None Hippopotas
33%
450 Ground None Hippowdon
33%
401 Bug None Kricketot
33%
402 Bug None Kricketune
33%
428 Normal None Lopunny
33%
404 Electric None Luxio
33%
405 Electric None Luxray
33%
462 Electric Steel Magnezone
33%
490 Water None Manaphy
33%
439 Psychic Fairy Mime Jr.
33%
429 Ghost None Mismagius
33%
489 Water None Phione
33%
409 Rock None Rampardos
33%
407 Grass Poison Roserade
33%
422 Water None Shellos
33%
403 Electric None Shinx
33%
451 Poison Bug Skorupi
33%
442 Ghost Dark Spiritomb
33%
465 Grass None Tangrowth
33%
413 Bug Grass Wormadam
33%
411 Rock Steel Bastiodon
17%
438 Rock None Bonsly
17%
406 Grass Poison Budew
17%
441 Normal Flying Chatot
17%
421 Grass None Cherrim
17%
433 Psychic None Chingling
17%
456 Water None Finneon
17%
431 Normal None Glameow
17%
463 Normal None Lickilicky
17%
457 Water None Lumineon
17%
458 Water Flying Mantyke
17%
414 Bug Flying Mothim
17%
474 Normal None Porygon-Z
17%
476 Rock Steel Probopass
17%
432 Normal None Purugly
17%
410 Rock Steel Shieldon
17%
435 Poison Dark Skuntank
17%
434 Poison Dark Stunky
17%
No matching quizzes found
Score Distribution
Percent of People with Each Score
Percentile by Number Answered
Your Score History
You have not taken this quiz